000 00569cam a2200193 4500500
005 20260405002611.0
041 _afre
042 _adc
100 1 0 _aEltchaninoff, Michel
_eauthor
245 0 0 _aJuste avant le grand saut
260 _c2017.
500 _a37
690 _achangement
690 _aDiscipline
690 _aExercice
690 _aHabitude
786 0 _nPhilosophie magazine | 115 | 12-1 | 2017-12-01 | p. 20-21 | 1951-1787
856 4 1 _uhttps://shs.cairn.info/magazine-philosophie-magazine-2017-12-1-page-20?lang=fr&redirect-ssocas=7080
999 _c2059186
_d2059186